| 000 | 00000cam 2200000zi 4500 |
| 001 | 9.931429 |
| 003 | CaOODSP |
| 005 | 20260212095215 |
| 006 | m o d f |
| 007 | cr |n||||||||| |
| 008 | 231213e20231213onc ob f000 0 fre d |
| 040 | |aCaOODSP|bfre|erda|cCaOODSP |
| 043 | |an-cn--- |
| 086 | 1 |aH113-9/2023-11F-PDF |
| 245 | 00|aInsecticide Cyclaniliprole 50SL et cyclaniliprole. |
| 264 | 1|aOttawa (Ontario) : |bAgence de réglementation de la lutte antiparasitaire, Santé Canada, |cle 13 décembre 2023. |
| 264 | 4|c©2023 |
| 300 | |a1 ressource en ligne (33 pages). |
| 336 | |atexte|btxt|2rdacontent/fre |
| 337 | |ainformatique|bc|2rdamedia/fre |
| 338 | |aressource en ligne|bcr|2rdacarrier/fre |
| 490 | 1 |aProjet de décision d'homologation, |x1925-0908 ; |vPRD2023-11 |
| 500 | |aPublié aussi en anglais sous le titre : Cyclaniliprole 50SL insecticide, cyclaniliprole. |
| 504 | |aComprend des références bibliographiques. |
| 650 | 6|aInsecticides|xCertification|zCanada. |
| 650 | 6|aInsecticides|xToxicologie. |
| 650 | 6|aInsecticides|xAspect sanitaire. |
| 650 | 6|aInsecticides|xAspect de l'environnement. |
| 710 | 1 |aCanada. |bAgence de réglementation de la lutte antiparasitaire, |eorganisme de publication. |
| 775 | 08|tCyclaniliprole 50SL insecticide, cyclaniliprole.|w(CaOODSP)9.931427 |
| 830 | #0|aProjet de décision d'homologation ;|vPRD2023-11.|w(CaOODSP)9.500882 |
| 856 | 40|qPDF|s669|uhttps://publications.gc.ca/collections/collection_2023/sc-hc/h113-9/H113-9-2023-11-fra.pdf |